Inmunidad de estado: análisis de la práctica chilena
Bewaard in:
| Hoofdauteur: | |
|---|---|
| Formaat: | Boek |
| Taal: | Spaans |
| Gepubliceerd in: |
Santiago
Legal Publishing
2011
|
| Editie: | 1a. ed |
| Onderwerpen: | |
| Tags: |
Voeg label toe
Geen labels, Wees de eerste die dit record labelt!
|
MARC
| LEADER | 00000cam a2200000 a 4500 | ||
|---|---|---|---|
| 001 | UCG8634 | ||
| 003 | CL-VaPUC | ||
| 008 | 111223e20110300CL |||||||||||||||||spa|d | ||
| 020 | |a 9789562389341 | ||
| 082 | 0 | 4 | |a 341.33 |b GUZ |2 21 |
| 100 | 0 | |a Guzmán Silva, Elías |e author |9 559737 | |
| 245 | 1 | 0 | |a Inmunidad de estado: análisis de la práctica chilena |
| 250 | |a 1a. ed | ||
| 300 | |a 178 p | ||
| 942 | |c BK | ||
| 945 | |d 20111223 00:00:00 |a dcastane | ||
| 260 | |a Santiago |b Legal Publishing |c 2011 | ||
| 650 | 0 | |a Derecho internacional |9 255637 | |
| 650 | 7 | |a INMUNIDAD |2 CL-VaPUC |9 382169 | |
| 650 | 7 | |a INMUNIDAD DIPLOMATICA |2 CL-VaPUC |9 381806 | |
| 583 | |a last modification |c 20111223 12:06:00 |k Rodrigo Vera | ||
| 999 | |c 346238 |d 346236 | ||
| 952 | |0 0 |1 0 |4 0 |6 341_330000000000000_GUZ_2011 |7 0 |8 A |9 446856 |a BIBDER |b BIBDER |d 2019-11-22 |i 481620K |o 341.33 GUZ 2011 |p 481620K |r 2023-01-25 |w 2019-11-22 |y BK |k DER | ||